Páginas de sangre de la Historia de Chile

Tallennettuna:
Bibliografiset tiedot
Päätekijä: Riquelme, Daniel (Tekijä)
Aineistotyyppi: Kirja
Kieli:espanja
Julkaistu: Santiago Ercilla 1932
Painos:1a. ed
Sarja:Biblioteca Vida Chilena, V
Aiheet:
Tagit: Lisää tagi
Ei tageja, Lisää ensimmäinen tagi!

MARC

LEADER 00000nam a2200000 a 4500
001 UCJ4056
003 CL-VaPUC
008 070124e19320000CL |||||||||||||||||spa|d
082 0 4 |a 983  |b RIQ  |2 21 
100 0 |a Riquelme, Daniel  |e author  |9 506657 
245 1 0 |a Páginas de sangre de la Historia de Chile 
250 |a 1a. ed 
300 |a 114 p 
942 |c BK 
945 |d 20070124 00:00:00  |a rinostro 
260 |a Santiago  |b Ercilla  |c 1932 
600 0 |a Portales y Palazuelos, Diego,  |d 1793-1837  |9 255516 
600 0 |a Irisarri, Antonio José de  |d 1786-1868  |9 444606 
650 7 |a CRIMENES POLITICOS  |2 CL-VaPUC  |9 319844 
650 7 |a DOCUMENTOS  |2 CL-VaPUC  |9 366450 
583 |a last modification  |c 20070124 00:00:00  |k Rodrigo Vera 
490 0 |a Biblioteca Vida Chilena, V 
999 |c 320173  |d 320171 
952 |0 0  |1 0  |4 0  |6 983_000000000000000_RIQ_1932  |7 0  |8 X  |9 398647  |a FDOBUD  |b FDOBUD  |d 2019-11-22  |i 1011189  |o 983 RIQ 1932  |p 1011189  |r 2019-11-22  |w 2019-11-22  |y BK_X  |k BUD